Plantilla RCD Mallorca 2024/25 - Estadísticas

Estadísticas generales
  • Esta prueba ha sido intentada 37 veces
  • La puntuación promedio es 18 de 27
Estadísticas de respuestas
Dorsal Pos. Jugadores % Correcto
23 DEF Maffeo
97%
7 DEL Muriqi
97%
21 DEF Raillo
97%
24 DEF Valjent
94%
1 POR Greif
91%
14 CEN Dani Rodriguez
88%
22 DEF Mojica
88%
9 DEL Abdon
84%
10 CEN Darder
81%
17 DEL Larin
81%
12 CEN Samu Costa
81%
13 POR Leo Roman
78%
6 DEF Copete
75%
5 CEN Mascarell
72%
11 DEL Asano
66%
8 CEN Morlanes
59%
18 CEN Antonio Sanchez
56%
27 (f) CEN Navarro
53%
3 DEF Lato
50%
2 DEF Mateu Morey
50%
25 POR Cuellar
47%
4 DEF Van der Heyden
41%
16 DEF Valery
38%
20 DEL Chiquinho
34%
33 (f) CEN Daniel Luna
25%
30 (f) DEL Domenech
25%
19 DEL Javi Llabres
25%
No se encontraron pruebas coincidentes
Distribución de puntuación
Porcentaje de gente con cada puntuación
Porcentaje por número respondido
Historial de tus puntuaciones
No has intentado esta prueba.